NFL Top 100 Players of 2017 - Statistics

General Stats
  • This quiz has been taken 10 times
  • The average score is 30 of 100
Answer Stats
Spot Pos. Player % Correct
1 QB Tom Brady
100%
85 LB Chandler Jones
90%
3 WR Julio Jones
90%
6 QB Aaron Rodgers
80%
81 QB Alex Smith
80%
22 QB Ben Roethlisberger
80%
74 S Harrison Smith
80%
24 QB Russell Wilson
80%
18 OT Tyron Smith
80%
2 LB Von Miller
80%
44 QB Cam Newton
70%
12 RB David Johnson
70%
16 QB Drew Brees
70%
35 DE J. J. Watt
70%
31 QB Matthew Stafford
70%
17 WR A. J. Green
60%
14 QB Dak Prescott
60%
30 S Earl Thomas
60%
25 OT Joe Thomas
60%
10 QB Matt Ryan
60%
73 QB Philip Rivers
60%
15 DE Aaron Donald
50%
53 WR Amari Cooper
50%
4 WR Antonio Brown
50%
39 LB Bobby Wagner
50%
100 DE Joey Bosa
50%
5 DE Khalil Mack
50%
20 LB Luke Kuechly
50%
32 CB Marcus Peters
50%
8 WR Odell Beckham Jr.
50%
23 TE Rob Gronkowski
50%
26 TE Travis Kelce
50%
47 OT Trent Williams
50%
98 RB Adrian Peterson
40%
51 QB Andrew Luck
40%
11 QB Derek Carr
40%
60 WR Dez Bryant
40%
7 RB Ezekiel Elliott
40%
71 WR Julian Edelman
40%
34 S Kam Chancellor
40%
19 CB Patrick Peterson
40%
69 RB Jay Ajayi
30%
48 WR Jordy Nelson
30%
70 QB Kirk Cousins
30%
29 WR Mike Evans
30%
21 CB Richard Sherman
30%
36 WR Tyreek Hill
30%
63 CB Chris Harris Jr.
20%
33 RB DeMarco Murray
20%
41 RB Devonta Freeman
20%
38 DT Fletcher Cox
20%
67 TE Greg Olsen
20%
57 QB Jameis Winston
20%
45 WR Larry Fitzgerald
20%
9 RB Le'Veon Bell
20%
55 DT Ndamukong Suh
20%
89 LB Thomas Davis
20%
37 CB Aqib Talib
10%
93 DE Brandon Graham
10%
82 LB Clay Matthews
10%
96 DT Damon Harrison
10%
88 WR Doug Baldwin
10%
92 DE Everson Griffen
10%
52 DT Gerald McCoy
10%
49 DE Jadeveon Clowney
10%
54 CB Janoris Jenkins
10%
42 WR Jarvis Landry
10%
65 TE Jordan Reed
10%
80 RB LeGarrette Blount
10%
27 RB LeSean McCoy
10%
99 CB Malcolm Butler
10%
90 S Malcolm Jenkins
10%
50 QB Marcus Mariota
10%
79 LB Sean Lee
10%
58 OG Zack Martin
10%
78 LB Brian Orakpo
0%
83 DE Calais Campbell
0%
62 DE Cameron Wake
0%
64 CB Casey Hayward
0%
56 DE Cliff Avril
0%
97 OG David DeCastro
0%
75 TE Delanie Walker
0%
94 LB Dont'a Hightower
0%
13 S Eric Berry
0%
68 DT Geno Atkins
0%
77 S Ha Ha Clinton-Dix
0%
59 CB Josh Norman
0%
86 DT Jurrell Casey
0%
76 LB Justin Houston
0%
95 OG Kelechi Osemele
0%
28 S Landon Collins
0%
91 LB Lorenzo Alexander
0%
43 OG Marshal Yanda
0%
46 DE Michael Bennett
0%
84 DT Mike Daniels
0%
72 OT Taylor Lewan
0%
87 C Travis Frederick
0%
61 WR T. Y. Hilton
0%
40 LB Vic Beasley
0%
66 CB Xavier Rhodes
0%
No matching quizzes found
Score Distribution
Percent of People with Each Score
Percentile by Number Answered
Your Score History
You have not taken this quiz